[Event "Helsingor Xtracon op"]
[Site "Helsingor"]
[Date "2017.07.30"]
[Round "10"]
[White "Tabaa, Ghayth"]
[Black "Amin, Idris"]
[Result "1-0"]
[WhiteElo "2041"]
[BlackElo "1819"]
[PlyCount "153"]
[EventDate "2017.07.22"]
[EventType "swiss"]
[EventRounds "10"]
[EventCountry "DEN"]
[SourceTitle "CBM 179 Extra"]
[Source "ChessBase"]
[SourceDate "2017.08.23"]
[SourceVersion "1"]
[SourceVersionDate "2017.08.23"]
[SourceQuality "1"]

1. d4 d6 2. e4 g6 3. Nf3 Bg7 4. Bd3 Nd7 5. 0-0 c5 6. c3 Qb6 7. Nbd2 Qc7 8. Re1 a6 9. a4 a5 10. Nc4 Nf8 11. e5 dxe5 12. dxe5 Ne6 13. Qb3 Ra6 14. Ne3 Rb6 15. Qa2 Nf4 16. Bb5+ Kf8 17. Nc4 Nd3 18. Rd1 Nxc1 19. Raxc1 Be6 20. Nxb6 Bxa2 21. Nd7+ Ke8 22. Nxc5+ Kf8 23. Rd7 Bxe5 24. Rxc7 Bxc7 25. c4 b6 26. Nd7+ Kg7 27. Ra1 Bb3 28. Nd4 Bxc4 29. Bxc4 Nh6 30. Nb5 Rc8 31. Bb3 Bd8 32. Ne5 e6 33. Rd1 Bf6 34. f4 Rc5 35. Nd7 Rf5 36. Nxf6 Kxf6 37. g3 Rc5 38. Nd6 Rc6 39. h3 Nf5 40. Nxf5 Kxf5 41. Kf2 h5 42. Kf3 Rc5 43. g4+ hxg4+ 44. hxg4+ Kf6 45. Rd7 g5 46. fxg5+ Kg6 47. Rd6 b5 48. Rb6 bxa4 49. Bxa4 Rc4 50. b3 Rc3+ 51. Kf4 Rd3 52. Rb5 Rd4+ 53. Kf3 Rd1 54. Rxa5 Rd3+ 55. Ke4 Rg3 56. Kf4 Rg1 57. Rc5 Rf1+ 58. Ke3 Re1+ 59. Kf2 Re4 60. Kf3 Re1 61. b4 e5 62. Kf2 Ra1 63. Bc2+ Kxg5 64. Rxe5+ Kxg4 65. Re4+ Kg5 66. b5 Ra2 67. Rc4 Rb2 68. Rc5+ Kf4 69. Ke2 f6 70. Kd2 Kg4 71. Kc3 Ra2 72. b6 Ra8 73. b7 Rb8 74. Bf5+ Kg5 75. Bc8+ Kg6 76. Kd4 Kf7 77. Ke4 1-0

[Event "Helsingor Xtracon op"]
[Site "Helsingor"]
[Date "2017.07.26"]
[Round "6"]
[White "Tabaa, Ghayth"]
[Black "Christensen, Thomas1111"]
[Result "0-1"]
[WhiteElo "2041"]
[BlackElo "2229"]
[PlyCount "114"]
[EventDate "2017.07.22"]
[EventType "swiss"]
[EventRounds "10"]
[EventCountry "DEN"]
[SourceTitle "CBM 179 Extra"]
[Source "ChessBase"]
[SourceDate "2017.08.23"]
[SourceVersion "1"]
[SourceVersionDate "2017.08.23"]
[SourceQuality "1"]

1. e4 e5 2. Nf3 d5 3. Nxe5 Bd6 4. d4 dxe4 5. Bc4 Bxe5 6. dxe5 Qxd1+ 7. Kxd1 Bg4+ 8. Be2 Bxe2+ 9. Kxe2 Nc6 10. Be3 0-0-0 11. Nd2 Nxe5 12. Nxe4 Re8 13. Bd4 f5 14. Nd2 Nc6+ 15. Kd3 Rd8 16. c3 Nf6 17. Nb3 Nxd4 18. cxd4 Rd5 19. Rhe1 Rhd8 20. Re7 R8d7 21. Rae1 b6 22. f3 R5d6 23. R1e5 g6 24. R7e6 Rxe6 25. Rxe6 Nd5 26. g3 Nb4+ 27. Kc4 Nxa2 28. Re8+ Kb7 29. g4 fxg4 30. fxg4 a5 31. h4 Nb4 32. h5 gxh5 33. gxh5 Rd6 34. Re7 Rc6+ 35. Kb5 Rh6 36. Re5 Nd3 37. Rg5 c6+ 38. Kc4 Nxb2+ 39. Kc3 Nd1+ 40. Kd3 a4 41. Nd2 b5 42. Ne4 Kb6 43. Kd2 a3 44. Nc5 Rd6 45. Kxd1 Rxd4+ 46. Ke2 a2 47. Nb3 Rb4 48. Na1 Rb1 49. Nc2 Rb2 50. Rg1 Rxc2+ 51. Kd3 Rh2 52. Ra1 c5 53. Ke3 b4 54. h6 b3 55. Kd3 b2 56. Rxa2 b1Q+ 57. Kc3 Rxa2 0-1

[Event "Helsingor Xtracon op"]
[Site "Helsingor"]
[Date "2017.07.25"]
[Round "5"]
[White "Jacobsen, Mikkel Manosri"]
[Black "Tabaa, Ghayth"]
[Result "1-0"]
[WhiteElo "2247"]
[BlackElo "2041"]
[PlyCount "107"]
[EventDate "2017.07.22"]
[EventType "swiss"]
[EventRounds "10"]
[EventCountry "DEN"]
[SourceTitle "CBM 179 Extra"]
[Source "ChessBase"]
[SourceDate "2017.08.23"]
[SourceVersion "1"]
[SourceVersionDate "2017.08.23"]
[SourceQuality "1"]

1. d4 d6 2. Nf3 Bg4 3. Nbd2 Nf6 4. g3 c6 5. Bg2 Nbd7 6. h3 Bxf3 7. Nxf3 e6 8. 0-0 Be7 9. c4 0-0 10. b3 Qc7 11. Bb2 a5 12. Qc2 d5 13. Nd2 Rac8 14. e4 dxe4 15. Nxe4 Nxe4 16. Qxe4 Bf6 17. Rad1 g6 18. Ba3 Rfe8 19. Rfe1 Bg7 20. Qh4 Bf6 21. Qg4 Bg7 22. Re3 b5 23. Qe2 b4 24. Bb2 c5 25. d5 Bxb2 26. dxe6 Bd4 27. exf7+ Kxf7 28. Bd5+ Kf8 29. Qf3+ Nf6 30. Rxd4 Kg7 31. Rdd3 Rcd8 32. Rxe8 Rxe8 33. Kg2 Qe5 34. Re3 Qf5 35. Qxf5 gxf5 36. Rxe8 Nxe8 37. Kf3 Kf6 38. Kf4 Nc7 39. Bc6 Ne6+ 40. Ke3 Nd4 41. Bd7 Ke7 42. Bc8 Kf6 43. g4 fxg4 44. hxg4 Ke5 45. f4+ Kd6 46. g5 Ke7 47. Ke4 Ne2 48. Kd5 Nxf4+ 49. Kxc5 Nd3+ 50. Kb5 Nc1 51. Bf5 Nxa2 52. Kxa5 Kd6 53. Kb5 Ke5 54. Bxh7 1-0

[Event "Helsingor Xtracon op"]
[Site "Helsingor"]
[Date "2017.07.23"]
[Round "3"]
[White "Rewitz, Poul"]
[Black "Tabaa, Ghayth"]
[Result "1/2-1/2"]
[WhiteElo "2310"]
[BlackElo "2041"]
[PlyCount "171"]
[EventDate "2017.07.22"]
[EventType "swiss"]
[EventRounds "10"]
[EventCountry "DEN"]
[SourceTitle "CBM 179 Extra"]
[Source "ChessBase"]
[SourceDate "2017.08.23"]
[SourceVersion "1"]
[SourceVersionDate "2017.08.23"]
[SourceQuality "1"]

1. d4 d6 2. g3 e5 3. dxe5 dxe5 4. Qxd8+ Kxd8 5. Nf3 f6 6. Bg2 c6 7. 0-0 Be6 8. b3 a5 9. a4 Kc7 10. Bb2 Nd7 11. Na3 Ne7 12. Nd2 Nd5 13. Rfd1 Be7 14. Ndc4 N5b6 15. Nxb6 Nxb6 16. e4 Nd7 17. h3 g5 18. Bf1 h5 19. Nc4 h4 20. g4 Bxc4 21. Bxc4 Rhd8 22. Kf1 Nf8 23. Bf7 Rxd1+ 24. Rxd1 Rd8 25. Rd3 Rxd3 26. cxd3 Bc5 27. Bc3 b6 28. f4 Bd4 29. Bxd4 exd4 30. e5 fxe5 31. fxg5 Kd6 32. Ke2 Ke7 33. g6 Kf6 34. g5+ Kg7 35. Kf3 Nxg6 36. Be8 Nf4 37. Kg4 Nxd3 38. Bxc6 Nf2+ 39. Kxh4 d3 40. Kg3 d2 41. Bf3 d1Q 42. Bxd1 Nxd1 43. Kg4 Ne3+ 44. Kf3 Nc2 45. Ke4 Na1 46. h4 Kg6 47. Kxe5 Nxb3 48. Kf4 Nc5 49. h5+ Kf7 50. Kf5 Nd7 51. g6+ Kg8 52. h6 b5 53. axb5 a4 54. Ke6 a3 55. b6 Nf8+ 56. Kd6 a2 57. b7 a1Q 58. b8Q Qf6+ 59. Kc5 Qxg6 60. Qd6 Ne6+ 61. Kd5 Qf5+ 62. Kc4 Qc2+ 63. Kb4 Qb1+ 64. Kc3 Qc1+ 65. Kb3 Qe3+ 66. Kc4 Qe4+ 67. Kc3 Qe3+ 68. Kc4 Qe4+ 69. Kc3 Qe1+ 70. Kc4 Qc1+ 71. Kb3 Qxh6 72. Qe7 Qe3+ 73. Kb2 Qe5+ 74. Kb1 Qb5+ 75. Kc1 Qc4+ 76. Kd2 Nd4 77. Qe8+ Kg7 78. Qe7+ Kg6 79. Qe8+ Kf5 80. Qf8+ Ke5 81. Qh8+ Kd5 82. Qd8+ Kc5 83. Qc8+ Nc6 84. Qf8+ Kb5 85. Qf5+ Ka4 86. Qc2+ 1/2-1/2

[Event "Helsingor Xtracon op"]
[Site "Helsingor"]
[Date "2017.07.23"]
[Round "2"]
[White "Tabaa, Ghayth"]
[Black "Bjerre, Jonas Buhl"]
[Result "1/2-1/2"]
[WhiteElo "2041"]
[BlackElo "2330"]
[PlyCount "123"]
[EventDate "2017.07.22"]
[EventType "swiss"]
[EventRounds "10"]
[EventCountry "DEN"]
[SourceTitle "CBM 179 Extra"]
[Source "ChessBase"]
[SourceDate "2017.08.23"]
[SourceVersion "1"]
[SourceVersionDate "2017.08.23"]
[SourceQuality "1"]

1. e4 c5 2. Nf3 e6 3. c4 b6 4. Nc3 Bb7 5. Be2 Nc6 6. 0-0 Nf6 7. d3 a6 8. h3 Qc7 9. Be3 Be7 10. Rc1 0-0 11. d4 cxd4 12. Nxd4 Bc5 13. Nxc6 Bxc6 14. Qd3 Rfd8 15. Bg5 Qe5 16. Bxf6 Qxf6 17. a3 Qf4 18. Bf3 a5 19. Ne2 Qg5 20. Rfd1 Rf8 21. Nd4 Bb7 22. Nb3 Rad8 23. Nxc5 bxc5 24. Qd6 a4 25. Rc3 Rb8 26. Qxd7 Ba8 27. Qd2 Qe5 28. g3 Bxe4 29. Re1 Qd4 30. Qe3 Bxf3 31. Qxd4 cxd4 32. Rxf3 Rxb2 33. Rd3 Rd8 34. Re4 Rb3 35. Rdxd4 Rxd4 36. Rxd4 Kf8 37. c5 Rxa3 38. c6 Rc3 39. Rxa4 Rxc6 40. Ra7 g5 41. Ra4 Kg7 42. h4 f6 43. Kg2 Kg6 44. Rb4 h5 45. Ra4 Kf5 46. Ra5+ e5 47. hxg5 fxg5 48. Ra7 h4 49. Rh7 Rc4 50. Rh8 Kg4 51. f3+ Kf5 52. Rf8+ Kg6 53. Rg8+ Kf6 54. Rf8+ Kg6 55. Rg8+ Kh6 56. gxh4 gxh4 57. Re8 Rc5 58. Kh3 Kg5 59. Rg8+ Kf4 60. Rf8+ Ke3 61. Kxh4 Rc4+ 62. Kg5 1/2-1/2

[Event "Lund Lask op"]
[Site "Lund"]
[Date "2016.12.06"]
[Round "7"]
[White "Tabaa, Ghayth"]
[Black "Franzen, Per Erik"]
[Result "1/2-1/2"]
[WhiteElo "2075"]
[BlackElo "1928"]
[PlyCount "81"]
[EventDate "2016.10.04"]
[EventType "swiss"]
[EventRounds "7"]
[EventCountry "SWE"]
[SourceTitle "EXT 2019"]
[Source "ChessBase"]
[SourceDate "2018.10.10"]
[SourceVersion "1"]
[SourceVersionDate "2018.10.10"]
[SourceQuality "1"]

1. e4 d6 2. d4 g6 3. Nf3 Bg7 4. Nc3 c6 5. Be3 Nf6 6. Qd2 Ng4 7. Bg5 h6 8. Bh4 g5 9. Bg3 Nd7 10. h4 gxh4 11. Nxh4 Nb6 12. f3 Nf6 13. Bd3 Nh5 14. Bf2 e5 15. Ne2 Bf6 16. Nf5 Bxf5 17. Rxh5 Bg6 18. Rxh6 Rxh6 19. Qxh6 Qe7 20. Qd2 0-0-0 21. Qa5 Kb8 22. 0-0-0 d5 23. dxe5 Bxe5 24. Bxb6 axb6 25. Qxb6 dxe4 26. fxe4 Bxe4 27. Kb1 c5 28. Nc1 c4 29. Be2 Rxd1 30. Bxd1 Bxg2 31. Qb5 Qd6 32. Be2 c3 33. Qe8+ Ka7 34. Qa4+ Kb8 35. Qe8+ Ka7 36. Nd3 Bd4 37. Qa4+ Kb8 38. Qe8+ Ka7 39. Qa4+ Kb8 40. Qe8+ Ka7 41. Qa4+ 1/2-1/2

[Event "Lund op"]
[Site "Lund"]
[Date "2016.03.08"]
[Round "4"]
[White "Tabaa, Ghayth"]
[Black "Ivarsson, Torbjorn"]
[Result "0-1"]
[WhiteElo "2110"]
[BlackElo "2163"]
[PlyCount "68"]
[EventDate "2016.02.09"]
[EventType "swiss"]
[EventRounds "7"]
[EventCountry "SWE"]
[SourceTitle "EXT 2019"]
[Source "ChessBase"]
[SourceDate "2018.10.10"]
[SourceVersion "1"]
[SourceVersionDate "2018.10.10"]
[SourceQuality "1"]

1. d4 Nf6 2. Bg5 c6 3. Nd2 Qb6 4. Bxf6 exf6 5. Nb3 d5 6. e3 Be6 7. Ne2 Bd6 8. Nf4 Bf5 9. Nh5 0-0 10. Bd3 Bg6 11. 0-0 Nd7 12. Ng3 Qc7 13. Rc1 Rfe8 14. Kh1 Bxg3 15. hxg3 Re7 16. Bxg6 hxg6 17. Nd2 f5 18. c4 Qd6 19. Qb3 Nf6 20. c5 Qe6 21. Qd3 g5 22. Kg1 g6 23. Nf3 Ne4 24. Nd2 Nf6 25. Nf3 Ne4 26. Nd2 Kg7 27. Nxe4 fxe4 28. Qe2 g4 29. Rce1 Rae8 30. Qd2 Qf5 31. Rc1 Rh8 32. Rfd1 Ree8 33. Kf1 Rh1+ 34. Ke2 Qf3+ 0-1

[Event "Lund op"]
[Site "Lund"]
[Date "2016.02.16"]
[Round "2"]
[White "Tabaa, Ghayth"]
[Black "Lundell, Mathias"]
[Result "1-0"]
[WhiteElo "2110"]
[BlackElo "1730"]
[PlyCount "71"]
[EventDate "2016.02.09"]
[EventType "swiss"]
[EventRounds "7"]
[EventCountry "SWE"]
[SourceTitle "EXT 2019"]
[Source "ChessBase"]
[SourceDate "2018.10.10"]
[SourceVersion "1"]
[SourceVersionDate "2018.10.10"]
[SourceQuality "1"]

1. d4 d5 2. Nf3 Nf6 3. e3 c6 4. c4 Bf5 5. cxd5 cxd5 6. Qb3 Qc7 7. Bd2 e6 8. Nc3 a6 9. Qa4+ Nc6 10. Rc1 Rc8 11. Ne5 Be7 12. e4 dxe4 13. Nxc6 Qxc6 14. Nb5 e3 15. Rxc6 exd2+ 16. Kxd2 bxc6 17. Na7 Rc7 18. Nxc6 0-0 19. Nxe7+ Rxe7 20. Bxa6 Ra7 21. b4 Rfa8 22. Rc1 e5 23. b5 exd4 24. f3 h6 25. Rc5 Bg6 26. Qb3 d3 27. Rc8+ Rxc8 28. Bxc8 Rc7 29. Bh3 Rc2+ 30. Qxc2 dxc2 31. b6 Ne4+ 32. fxe4 Bxe4 33. Bc8 Bxg2 34. a4 Kf8 35. a5 Ke7 36. a6 1-0

[Event "Lund op"]
[Site "Lund"]
[Date "2016.02.09"]
[Round "1"]
[White "Drapic, Haris"]
[Black "Tabaa, Ghayth"]
[Result "1/2-1/2"]
[WhiteElo "1683"]
[BlackElo "2110"]
[PlyCount "116"]
[EventDate "2016.02.09"]
[EventType "swiss"]
[EventRounds "7"]
[EventCountry "SWE"]
[SourceTitle "EXT 2019"]
[Source "ChessBase"]
[SourceDate "2018.10.10"]
[SourceVersion "1"]
[SourceVersionDate "2018.10.10"]
[SourceQuality "1"]

1. e4 e6 2. Nf3 d5 3. e5 Ne7 4. d4 b6 5. Nc3 Ba6 6. Bxa6 Nxa6 7. 0-0 Qd7 8. b3 Ng6 9. a3 c5 10. Qe2 Nc7 11. g3 Rc8 12. h4 cxd4 13. Nxd4 Bc5 14. Ncb5 Nxb5 15. Nxb5 a6 16. Nd6+ Bxd6 17. exd6 Qxd6 18. Qxa6 Qc6 19. Be3 b5 20. Qxc6+ Rxc6 21. Rfc1 Kd7 22. h5 Ne7 23. a4 bxa4 24. Rxa4 Rhc8 25. Ra7+ Kd8 26. b4 R8c7 27. Rxc7 Kxc7 28. Bc5 Nc8 29. Ra1 Kb7 30. Kf1 Ra6 31. Rxa6 Kxa6 32. Ke2 e5 33. f3 Nb6 34. Bf8 g6 35. hxg6 hxg6 36. Kd3 Kb5 37. c3 Nc4 38. Bg7 Nb2+ 39. Kc2 Nc4 40. Kd3 f5 41. g4 e4+ 42. Ke2 Nd6 43. Bd4 Kc4 44. fxe4 Nxe4 45. gxf5 Ng3+ 46. Kf3 Nxf5 47. Bh8 Nd6 48. Kg4 Ne4 49. Kf4 Kb5 50. Ke3 Kc6 51. Kd4 Nd6 52. Kd3 Kd7 53. Be5 Nc4 54. Bh2 g5 55. Kd4 Kc6 56. Bb8 Na3 57. Bh2 Nb5+ 58. Kd3 Kd7 1/2-1/2

[Event "SYR-ch"]
[Site "Damascus"]
[Date "2015.05.05"]
[Round "9"]
[White "Bitar, Yasser"]
[Black "Tabaa, Ghayth"]
[Result "1/2-1/2"]
[WhiteElo "2155"]
[BlackElo "1930"]
[PlyCount "57"]
[EventDate "2015.04.30"]
[EventType "swiss"]
[EventRounds "9"]
[EventCountry "SYR"]
[SourceTitle "CBM 166 Extra"]
[Source "ChessBase"]
[SourceDate "2015.06.18"]
[SourceVersion "1"]
[SourceVersionDate "2015.06.18"]
[SourceQuality "1"]

1. d4 Nf6 2. c4 c5 3. d5 b5 4. cxb5 a6 5. e3 g6 6. Nc3 Bg7 7. Nf3 0-0 8. a4 d6 9. Be2 Nbd7 10. 0-0 axb5 11. Bxb5 Ba6 12. Bxa6 Rxa6 13. Nd2 Nb6 14. e4 Nfd7 15. a5 Qa8 16. Nb3 Nc4 17. Qe2 Nxa5 18. Bg5 f6 19. Be3 Rb8 20. Nc1 Rab6 21. Ra2 Ne5 22. Bf4 R8b7 23. Bg3 Ra7 24. Nb5 Rab7 25. Nc3 Ra7 26. Nb5 Rab7 27. Nc3 Ra7 28. Nb5 Rab7 29. Nc3 1/2-1/2